1898 1235 1289 1454 1294 1749 1908 1576 1343 1919 1210 1448 1255 1725 1847 1357 1558 1178 1624 1409 1033 1581 1396 1031 1671 1636 1705 1305 1195 1542 1807 1786 1491 1212 1597 1032 1779 1571 1770 1915 1552 1321 1635 1217 1658 1872 1658 1829 1622 1263 1662 1849 1910 1616 1021 1120 1080 1832 1069 1545 1809 1191 1074 1616 1061 1915 1174 1164 1183 1764 1311 1779 1325 1106 1659 1121 1068 1934 1332 1838 1428 1116 1515 1687 1061 1903 1334 1764 1291 1053 1522 1417 1486 1732 1901 1211 1322 1933 1609 BCNSPRNW ULIB Ver.6.0+V

เปลี่ยนเป็นภาษาไทย

Change to English
 แสดงรายละเอียดบรรณานุกรม
  กลับหน้าหลัก

Brief Record : Get Marc (ISO 2709) : E-mail record : QR code < ปิดหน้าต่าง
LEADER : 00000nam 2200000uu 4500
001    13399110813
003     ULIB
008    110609s2551||||th 000 0 tha d
020    9789747152722
060  4 WS113^bป417ก 2551
100 0  ประเสริฐ ผลิตผลการพิมพ์
245 10 กว่าจะถึงวัยรุ่นก็สาย...เสียแล้ว /^cประเสริฐ ผลิตผลการพิมพ์
260    กรุงเทพฯ :^bรักลูก,^c2551
300    127 หน้า :^bภาพประกอบ
490 1  โครงการหนังสือเล่ม ;^vอันดับที่ 217
490 1  ชุดจิตวิทยาและการเลี้ยงดูลูกวัยรุ่น ;^vvol.3
500    ชื่อเรื่องจากปกนอก
650  4 วัยรุ่น^xการดูแล
650  4 วัยรุ่น^xการเลี้ยงดู
945    ^p145^l0^i024146
945    ^p145^l0^i024145
995    ทศพร
999 ^a ใช้งานได้ทุกระบบ
รายการนี้ยังไม่มีแท็ก
คุณยังไม่ได้ล็อกอิน คุณสามารถมีกิจกรรมร่วมกับเว็บไซต์ได้ แต่ต้องล็อกอินก่อน ::
  ล็อกอิน

รายการสื่อสารสนเทศ

ลำดับที่ ประเภท เลขเรียก/บาร์โค้ด สถานที่ สถานะ
- ไม่พบข้อมูล -

รายการใกล้เคียง
    ผู้แต่ง [ประเสริฐ ผลิตผลการพิมพ์]

BibComment


ยังไม่เคยถูกคอมเมนท์

คอมเมนท์ทรัพยากรรายการนี้
  คอมเมนท์: กว่าจะถึงวัยรุ่นก..


 Copyright 2026. Bcnsprnw @Library